Implementación y automatizción de un método de detección de errores determinístico para procesadores
Uloženo v:
| Hlavní autor: | |
|---|---|
| Další autoři: | |
| Médium: | Kniha |
| Jazyk: | Spanish |
| Vydáno: |
[San José , Costa Rica]
2017
|
| Témata: | |
| Tagy: |
Přidat tag
Žádné tagy, Buďte první, kdo vytvoří štítek k tomuto záznamu!
|
MARC
| LEADER | 00000nam a22000007a 4500 | ||
|---|---|---|---|
| 003 | 012672 | ||
| 005 | 20230705133136.0 | ||
| 008 | 170926b2017 cr a|||| m|||z00| ||spa d | ||
| 040 | |c cru CEDI | ||
| 100 | |9 894 |a Arguedas Cuendis, Ernesto, 1991- | ||
| 245 | |a Implementación y automatizción de un método de detección de errores determinístico para procesadores | ||
| 260 | |a [San José , Costa Rica] |c 2017 | ||
| 300 | |a ix, 22 hojas; ilustraciones | ||
| 500 | |a Proyecto de graduación (bachillerato en ingeniería eléctrica)--Universidad de Costa Rica. Facultad de Ingeniería. Escuela de Ingeniería Eléctrica | ||
| 501 | |a Profesor Guía de IE-0499 Proyecto Eléctrico: Bachiller Marco Villalta | ||
| 650 | |x CIRCUITOS INTEGRADOS DIGITALES |x MICROPROCESADORES - MEDIDAS DE SEGURIDAD |9 9910 | ||
| 700 | |9 895 |a Villalta, Marco |d Director de Proyecto Eléctrico | ||
| 942 | |c CEDI |h TFG 7823 |6 TFG_7823_000000000000000 | ||
| 999 | |c 19006 |d 19006 | ||
